Central Library OPAC University of Rajshahi

The annotated Arms Act / (Record no. 45251)

MARC details
000 -LEADER
fixed length control field 00770nam a2200253 a 4500
001 - CONTROL NUMBER
control field 45251
003 - CONTROL NUMBER IDENTIFIER
rucl marc code BD-RjUL
005 - DATE AND TIME OF LATEST TRANSACTION
control field 20211209054003.0
008 - FIXED-LENGTH DATA ELEMENTS--GENERAL INFORMATION
fixed length control field 160725s1983 bg l 000 0 eng
020 ## - INTERNATIONAL STANDARD BOOK NUMBER
Terms of availability Tk20.00
035 ## - SYSTEM CONTROL NUMBER
System control number (BD-RjUL)45369
040 ## - CATALOGING SOURCE
Original cataloging agency DLC
Transcribing agency DLC
Modifying agency DLC
-- BD-RjUL
Language of cataloging eng
041 ## - LANGUAGE CODE
Language code of text/sound track or separate title eng
082 00 - DEWEY DECIMAL CLASSIFICATION NUMBER
Edition number 19
Classification number 344.54920533
Author mark and year JAA 1983
100 1# - MAIN ENTRY--PERSONAL NAME
Personal name Jahangir, Md.
9 (RLIN) 138607
245 14 - TITLE STATEMENT
Title The annotated Arms Act /
Statement of responsibility, etc. Md. Jahangir.
250 ## - EDITION STATEMENT
Edition statement 1st ed.
260 ## - PUBLICATION, DISTRIBUTION, ETC. (IMPRINT)
Place of publication, distribution, etc. Coxʼs Bazar :
-- Dhaka :
Name of publisher, distributor, etc. Salamatullah ;
-- Sellers, Book Syndicate,
Date of publication, distribution, etc. 1983.
300 ## - PHYSICAL DESCRIPTION
Pagination ii, ii, 60 p. ;
Size 23 cm.
650 #0 - SUBJECT ADDED ENTRY--TOPICAL TERM
Topical term or geographic name as entry element Firearms
General subdivision Law and legislation
Geographic subdivision Bangladesh.
9 (RLIN) 138608
710 12 - ADDED ENTRY--CORPORATE NAME
Corporate name or jurisdiction name as entry element Bangladesh.
Title of a work Arms Act, 1878.
9 (RLIN) 138609
942 ## - ADDED ENTRY ELEMENTS (KOHA)
Source of classification or shelving scheme Dewey Decimal Classification
Koha item type Books
Holdings
Lost status Source of classification or shelving scheme Damaged status Not for loan Collection code Permanent Location Current Location Shelving location Date acquired Source of acquisition Cost, normal purchase price Total Checkouts Full call number Date last seen Copy number Koha item type
  Dewey Decimal Classification     Non-fiction Central Library, University of Rajshahi Central Library, University of Rajshahi   07/04/1984 Book & periodicals , dhaka 20.00   344.54920533 JAA 1983 25/07/2016 C-2 Books